Southville International School and Colleges
Your cart is empty.
  • Cart
  • Lists
    Public lists Eva Luna New books Lux_list list_1
    Your lists Log in to create your own lists
  • Log in to your account
  • Your cookies
  • Search history
Southville International School and Colleges
  • Advanced search
  • Recent comments
  • Most popular
  • Libraries

Log in to your account

Log in with GOOGLE


If you do not have an external account, but do have a local account, you can still log in:

  1. Home
  2. MARC view: Experimental psychology :
Normal view MARC view ISBD view

Experimental psychology : (Record no. 25751)

[ view plain ]
MARC details
000 -LEADER
fixed length control field 00943cam a2200313 a 4500
001 - CONTROL NUMBER
control field 3751134
003 - CONTROL NUMBER IDENTIFIER
control field OSt
005 - DATE AND TIME OF LATEST TRANSACTION
control field 20140310183637.0
008 - FIXED-LENGTH DATA ELEMENTS--GENERAL INFORMATION
fixed length control field 820810s1983 njua b 001 0 eng
010 ## - LIBRARY OF CONGRESS CONTROL NUMBER
LC control number 82015130
020 ## - INTERNATIONAL STANDARD BOOK NUMBER
International Standard Book Number 9813076283
040 ## - CATALOGING SOURCE
Original cataloging agency DLC
Transcribing agency DLC
Modifying agency DLC
050 00 - LIBRARY OF CONGRESS CALL NUMBER
Classification number BF 181
Item number .M39 2000
100 1# - MAIN ENTRY--PERSONAL NAME
Personal name McGuigan, F. J.
Fuller form of name (Frank J.),
Dates associated with a name 1924-
245 10 - TITLE STATEMENT
Title Experimental psychology :
Remainder of title methods of research /
Statement of responsibility, etc F.J. McGuigan.
250 ## - EDITION STATEMENT
Edition statement 7th ed.
Remainder of edition statement International Edition
260 ## - PUBLICATION, DISTRIBUTION, ETC. (IMPRINT)
Place of publication, distribution, etc Englewood Cliffs, N.J. :
Name of publisher, distributor, etc Prentice-Hall,
Date of publication, distribution, etc 2000.
300 ## - PHYSICAL DESCRIPTION
Extent 480 p. :
Other physical details ill. ;
Dimensions 22 cm.
500 ## - GENERAL NOTE
General note Includes index.
504 ## - BIBLIOGRAPHY, ETC. NOTE
Bibliography, etc Bibliography: p. 368-370.
521 ## - TARGET AUDIENCE NOTE
Target audience note
650 #0 - SUBJECT ADDED ENTRY--TOPICAL TERM
Topical term or geographic name as entry element Psychology, Experimental.
650 #0 - SUBJECT ADDED ENTRY--TOPICAL TERM
Topical term or geographic name as entry element Psychology
General subdivision Research.
650 #0 - SUBJECT ADDED ENTRY--TOPICAL TERM
Topical term or geographic name as entry element Experimental design.
650 #2 - SUBJECT ADDED ENTRY--TOPICAL TERM
Topical term or geographic name as entry element Psychology, Experimental.
906 ## - LOCAL DATA ELEMENT F, LDF (RLIN)
a 7
b cbc
c orignew
d 1
e ocip
f 19
g y-gencatlg
942 ## - ADDED ENTRY ELEMENTS (KOHA)
Source of classification or shelving scheme Library of Congress Classification
Koha item type Books
Call number prefix Foreign
Holdings
Withdrawn status Lost status Source of classification or shelving scheme Damaged status Home library Current library Shelving location Date acquired Total Checkouts Full call number Barcode Date last seen Copy number Price effective from Koha item type
    Library of Congress Classification   College Library College Library General Circulation Section 12/11/2013   BF 181 .M39 2000 C4066 05/15/2018 1 12/11/2013 Books

Experimental psychology :

APA

McGuigan F. J., . (2000). Experimental psychology. Englewood Cliffs, N.J: Prentice-Hall.

Chicago

McGuigan F J, . 2000. Experimental psychology. Englewood Cliffs, N.J: Prentice-Hall.

Harvard

McGuigan F. J., . (2000). Experimental psychology. Englewood Cliffs, N.J: Prentice-Hall.

MLA

McGuigan F J, . Experimental psychology. Englewood Cliffs, N.J: Prentice-Hall. 2000.

  • Place hold
  • Print
  • Cite
  • Add to your cart (remove)
  • Save record
    BIBTEX Dublin Core MARCXML MARC (non-Unicode/MARC-8) MARC (Unicode/UTF-8) MARC (Unicode/UTF-8, Standard) MODS (XML) RIS
  • More searches
    Search for this title in:
    Other Libraries (WorldCat) Other Databases (Google Scholar) Online Stores (Bookfinder.com) Open Library (openlibrary.org)

Exporting to Dublin Core...

SOUTHVILLE LIBRARY

Southville International School and Colleges Library

1281 Tropical Ave. Cor. Luxembourg St., BF Homes International, Las Pinas City

Tel. No. 8256374 / 252358 Loc. 117/146

Powered by Koha